Smerom k štandardnej štatistike. 2

Predseda Štatistického úradu SR Ing. Štefan Condík, CSc. a podpredsedovia ŠÚ SR Ing. Milutín Krištofič, CSc. a Ing. Juraj Schaner o súčasných úlohách štatistiky. Metodika zisťovania hospodárskej inflácie. Interpretácia výsledkov štatistických zisťovaní.

Salvato in:
Dettagli Bibliografici
Autore principale: Dolgoš, Ľubomír
Natura: Capitolo di libro
Lingua:slovacco
Soggetti:
Tags: Aggiungi Tag
Nessun Tag, puoi essere il primo ad aggiungerne!!

MARC

LEADER 00000naa a2200000 4500
001 r024297
005 20221205090422.9
041 0 |a slo 
044 |a SK 
245 1 0 |a Smerom k štandardnej štatistike. 2  |c Ľubomír Dolgoš 
520 |a Predseda Štatistického úradu SR Ing. Štefan Condík, CSc. a podpredsedovia ŠÚ SR Ing. Milutín Krištofič, CSc. a Ing. Juraj Schaner o súčasných úlohách štatistiky. Metodika zisťovania hospodárskej inflácie. Interpretácia výsledkov štatistických zisťovaní. 
610 2 0 |a Slovensko 
610 2 0 |a 1994 
610 2 0 |a zisťovanie štatistické 
610 2 0 |a ukazovatele štatistické 
610 2 0 |a metódy štatistické 
610 2 0 |a Štatistický úrad SR Bratislava 
610 2 0 |a inflácia 
100 1 |a Dolgoš, Ľubomír